Goya 1900 (Record no. 558)

MARC details
000 -CABECERA
campo de control de longitud fija 00817nam a2200205 a 4500
001 - NÚMERO DE CONTROL
campo de control BRCA_642
005 - FECHA Y HORA DE LA ÚLTIMA TRANSACCIÓN
campo de control 20190320203106.0
008 - DATOS DE LONGITUD FIJA--INFORMACIÓN GENERAL
campo de control de longitud fija 020606s2002 sp-a---##b---f001-0#spa-#
020 ## - NÚMERO INTERNACIONAL ESTÁNDAR DEL LIBRO
Número Internacional Estándar del Libro 8436935519 (Obra completa)
040 ## - FUENTE DE LA CATALOGACIÓN
Centro catalogador/agencia de origen DLC
Centro/agencia transcriptor DLC
050 #4 - SIGNATURA TOPOGRÁFICA DE LA BIBLIOTECA DEL CONGRESO
Número de clasificación ND813.G6
Número de documento/Ítem .G69 2002
245 10 - MENCIÓN DE TÍTULO
Título Goya 1900
Resto del título catálogo ilustrado y estudio de la exposición en el Ministerio de Instrucción Pública y Bellas Artes.
260 ## - PUBLICACIÓN, DISTRIBUCIÓN, ETC.
Lugar de publicación, distribución, etc. Madrid
Nombre del editor, distribuidor, etc. Dirección General de Bellas Artes y Bienes Culturales : Instituto del Patrimonio Histórico Español
Fecha de publicación, distribución, etc. 2002
300 ## - DESCRIPCIÓN FÍSICA
Extensión 2 v.
Otras características físicas il.
Dimensiones 27 cm.
504 ## - NOTA DE BIBLIOGRAFÍA, ETC.
Nota de bibliografía, etc. Bibliografía: p. 297-315 (v.1)
600 14 - PUNTO DE ACCESO ADICIONAL DE MATERIA--NOMBRE DE PERSONA
Nombre de persona Goya, Francisco
Fechas asociadas al nombre 1746-1828
Subdivisión de forma Exposiciones
9 (RLIN) 2066
600 14 - PUNTO DE ACCESO ADICIONAL DE MATERIA--NOMBRE DE PERSONA
Nombre de persona Goya, Francisco
Fechas asociadas al nombre 1746-1828
Subdivisión general Crítica e interpretación
9 (RLIN) 2149
700 1# - PUNTO DE ACCESO ADICIONAL--NOMBRE DE PERSONA
Nombre de persona Goya, Francisco
Fechas asociadas al nombre 1746-1828
9 (RLIN) 2150
942 ## - ELEMENTOS DE PUNTO DE ACCESO ADICIONAL (KOHA)
Fuente del sistema de clasificación o colocación Library of Congress Classification
Tipo de ítem Koha Libros
Holdings
Estado de retiro Estado de pérdida Estado dañado No para préstamo Localización permanente Ubicación/localización actual Fecha de adquisición Total de préstamos Signatura topográfica completa Código de barras Fecha visto por última vez Precio válido a partir de Tipo de ítem Koha Código de colección
El ejemplar forma parte de la colección y puede ser consultado según las políticas vigentes.       Biblioteca del Museo Franz Mayer (Rogerio Casas-Alatriste) Biblioteca del Museo Franz Mayer (Rogerio Casas-Alatriste) 25/06/2008   ND813.G6 .G69 2002 00970 22/03/2019 22/03/2019 Libros  
El ejemplar forma parte de la colección y puede ser consultado según las políticas vigentes.       Biblioteca del Museo Franz Mayer (Rogerio Casas-Alatriste) Biblioteca del Museo Franz Mayer (Rogerio Casas-Alatriste) 12/10/2010   ND813.G6 .G69 2002 00971 22/03/2019 22/03/2019 Libros Acervo General